MDQL
is popping MORE tags! Check the
thread
!
Quizzes
Events
Quiz Creation
Community
Videos
Private Events
Remove Ads
Sign In
Join for FREE
Feedback
Dark Mode
Quiz Categories
Sports
Geography
Music
Movies
Television
Just For Fun
Miscellaneous
History
Literature
Language
Science
Gaming
Entertainment
Religion
Holiday
For Kids
Quiz Lab
Recent
Popular Today
Quiz Kudos Today
Editor Picks
Curator Picks
Quizzes by...
Day
Popularity
Type
Ratings
Length
Year
Community
Subscriptions
Recent Discussions
Orange Saloon
Badges
Playlists
Quests
Create
Leaderboards
Showdown
Live 5
Trivia Bingo
Activity
Puzzle Library
Sporcle Events
Private Events
Virtual Trivia
Globe League
Become a Host
Pub Owners
SporcleCon
Opinionation
Our Games
Videos
Blog
Mobile Apps
Partnerships
Remove Ads and Go Orange
Feedback
Movies
Disney
Marvel Cinematic Universe
Movie Resume
Movie Titles
Oscar
Actor
Actress
Director
Pixar
Role
Movie Quotes
Movie Characters
Box Office
Nominee
Best Picture
Star Wars
James Bond
Horror Movies
Movies
Disney
Marvel Cinematic Universe
Movie Resume
Movie Titles
Oscar
Actor
Actress
Director
Pixar
Role
Movie Quotes
Movie Characters
Box Office
Nominee
Best Picture
Star Wars
James Bond
Horror Movies
Random Quiz
Search Sporcle
×
Quiz Lab
Quiz Lab
Movies
Actress
Type in answers that appear in a list
Type in answers that appear in a list
Classic
Best Score? Go Orange.
Oscar Winning Actors in Spielberg Films Stats
Can you name the Oscar Winning Actors in Spielberg Films?
By
pualmetz
7m
28 Questions
513 Plays
513 Plays
513 Plays
Comments
Comments
Give Quiz Kudos
Give Quiz Kudos
-
- Ratings
hide this ad
More Info
Replay
Link that replays current quiz
Next Quiz
Link to next quiz in quiz playlist
You Got
0%
They Got
Avg Score
61%
Avg Friend Score
Upgrade to see
Score Distribution
Jump to the score distribution portion of the page
Score
0/28
Timer
07:00
0
Plays Today
Spielberg Film
Actor/Actress
% Correct
Saving Private Ryan (1998)
Tom Hanks
97.3%
Catch Me If You Can (2002)
Tom Hanks
97.3%
The Terminal (2004)
Tom Hanks
97.3%
Hook (1991)
Robin Williams
88.9%
Hook (1991)
Dustin Hoffman
87.1%
Indiana Jones and the Last Crusade (1989)
Sean Connery
85.6%
Jaws (1975)
Richard Dreyfuss
84.4%
Close Encounters of the Third Kind (1977)
Richard Dreyfuss
84.4%
Always (1989)
Richard Dreyfuss
84.4%
The Color Purple (1985)
Whoopi Goldberg
79.9%
Hook (1991)
Julia Roberts
76.4%
Schindler's List (1993)
Ben Kingsley
71.3%
Catch Me If You Can (2002)
Christopher Walken
68.6%
Amistad (1997)
Anthony Hopkins
68.4%
Spielberg Film
Actor/Actress
% Correct
The Terminal (2004)
Catherine Zeta-Jones
67.1%
Indiana Jones and the Kingdom of the Crystal Skull (2008)
Cate Blanchett
66.5%
Hook (1991)
Maggie Smith
51.9%
War of the Worlds (2005)
Tim Robbins
51.9%
Amistad (1997)
Morgan Freeman
48.3%
War of the Worlds (2005)
Morgan Freeman
48.3%
Hook (1991)
Gwyneth Paltrow
41.7%
The Sugarland Express (1974)
Goldie Hawn
36.1%
Always (1989)
Holly Hunter
32.9%
Munich (2005)
Geoffrey Rush
31%
Always (1989)
Audrey Hepburn
28.3%
A.I. Artificial Intelligence (2001)
William Hurt
23.4%
Amistad (1997)
Anna Paquin
13.6%
The Sugarland Express (1974)
Ben Johnson
12.5%
Quiz Playlist
Details
Report
Send in Message
Add To Playlist
More Info:
Name the actors who have won an Academy Award for acting either before or after they appeared in a film directed by Steven Spielberg.
Classic:
Type in answers that appear in a list
Last Updated: Feb 16, 2017
Quiz Scoreboard
CHALLENGE
Sign Up to Join the Scoreboard
Show All
Scores
Hide
Comments
May contain spoilers
Recently Published
Two Season TV Shows II
by 123Four
Television
10m
Image Sorting: Flags VI
by Barbecue
Geography
2m
Find the 'City' Movie
by crazypaving
Movies
60s
More to Explore
Quiz From the Vault
Featured Blog Post
14 Easter Pick-up Lines to Find Eggs With
hide this ad
You Might Also Like...
Tags
Actor Quiz
Actress Quiz
Oscar Quiz
Oscar Winners
Steven Spielberg
Winning
Today's Top Quizzes in Movies
Browse Movies
hide this ad
Today's Top Quizzes in Actress
Browse Actress
Top Contributed Quizzes in Movies
1
Find The 'Big' Movie
2
The ultimate James Bond movie quiz
3
Find The 'Wild' Movie
4
Find The 'Blue' Movie
5
Movies By Plot
6
Hidden Star Wars Character II
7
Pick 5 Posters: Directed by Spielberg
8
Hidden Star Wars Character III
9
Hidden Star Wars Character IV
10
25 Best Actor Nominees (1990s)
Explore More
Trending Topics
Kpop
Harry Potter
Anime
NBA
Marvel
Disney
Crossword
The Office
Soccer
Country
Song
Pokémon
Puzzle
WWE
NFL
hide this ad
More By:
pualmetz
Quiz
Plays
Rating
Category
Featured
Created
Oscar Winning Actors in Spielberg Films
513
3.50
Movies
Dec 23, 2010
Go to Creator's Profile
Score Distribution
Quiz Creator Spotlight
pualmetz
Follow
Send a Message
Quizzes Created
-
Created Quiz Play Count
-
More By This Creator
Popular Quizzes Today
1
Find the US States - No Outlines Minefield
2
Colored Red Africa Blitz
3
Find the 'City' Movie
4
5x2 Blitz: Bands
5
The Countries of the World
6
Find the Countries of Europe - No Outlines Minefield
7
Find the US States
8
US States
More Movies Quizzes
1975 Movie Actor Huge Gallery
Quiz Lab
Trending Quizzes
Colored Red Europe Blitz I
Colored Red Africa Blitz II
Colored Red Europe Blitz II
Colored Red Africa Blitz III
Colored Red Europe Blitz III
Recently Updated
How Do You Spell That?
pecheneg
Godzilla Movies
pecheneg
Grab Bag: 4-10 Letters
pecheneg
2024 March Madness Bracket
pecheneg
Famous TV Couples
Peacemaker
Champions League XIs: Real Madrid
pecheneg
Largest US Cities 1790-2010
pecheneg
Rides in Walt Disney World
pecheneg
Most Oscar Losses (Acting)
pecheneg
Beyoncé Albums
pecheneg
Trending Topics
Anime
Disney
Crossword
Kpop
Harry Potter
NBA
Marvel
NFL
The Office
Song
Puzzle
Soccer
Pokémon
Country
WWE
Your Account Isn't Verified!
In order to create a playlist on Sporcle, you need to verify the email address you used during registration. Go to your
Sporcle Settings
to finish the process.
Report this User
Report this user for behavior that violates our
Community Guidelines
.
Details:
Send Report
Go to the Sporcle.com Mobile Site →
Comments